[Event "GBR-ch 99th"]
[Site "North Shields"]
[Date "2012.08.03"]
[Round "11"]
[White "Murphy, Hugh"]
[Black "Jain, Radha"]
[Result "1-0"]
[WhiteElo "2180"]
[BlackElo "1868"]
[PlyCount "57"]
[EventDate "2012.07.23"]
[EventType "swiss"]
[EventRounds "11"]
[EventCountry "ENG"]
[Source "John Saunders"]
[SourceDate "2015.07.24"]

1. e4 c5 2. b3 e6 3. Bb2 a6 4. Qe2 Nc6 5. f4 Nf6 6. Nc3 d5 7. exd5 Nxd5 8. Nxd5
Qxd5 9. Nf3 Nd4 10. Nxd4 cxd4 11. Qd3 Bc5 12. Be2 Qd6 13. O-O Bd7 14. b4 Ba7
15. Kh1 Qxb4 16. Ba3 Qa5 17. f5 Bb5 18. c4 dxc3 19. Qd6 Qd8 20. Bxb5+ axb5 21.
Qb4 cxd2 22. fxe6 fxe6 23. Rad1 Be3 24. Rf8+ Rxf8 25. Qxf8+ Kd7 26. Qd6+ Kc8
27. Qxe6+ Qd7 28. Qxe3 Kb8 29. Qf4+ 1-0

[Event "GBR-ch 99th"]
[Site "North Shields"]
[Date "2012.08.03"]
[Round "11"]
[White "Palliser, Richard"]
[Black "Rudd, Jack"]
[Result "1-0"]
[WhiteElo "2482"]
[BlackElo "2295"]
[PlyCount "94"]
[EventDate "2012.07.23"]
[EventType "swiss"]
[EventRounds "11"]
[EventCountry "ENG"]
[Source "John Saunders"]
[SourceDate "2015.07.24"]

1. d4 Nf6 2. c4 c5 3. d5 e6 4. Nc3 exd5 5. cxd5 d6 6. e4 g6 7. f4 Bg7 8. Bb5+
Nbd7 9. e5 dxe5 10. fxe5 Nh5 11. e6 Qh4+ 12. g3 Nxg3 13. hxg3 Qxh1 14. Be3
Bxc3+ 15. bxc3 a6 16. exd7+ Bxd7 17. Bxd7+ Kxd7 18. Qg4+ f5 19. Qf3 Qxf3 20.
Nxf3 Rhe8 21. Kd2 Re4 22. Ng5 Re5 23. c4 b5 24. Nxh7 bxc4 25. Nf6+ Ke7 26. Bg5
Kd6 27. Rb1 Rxd5+ 28. Nxd5 Kxd5 29. Rb6 Rh8 30. Rxa6 Rh2+ 31. Ke3 c3 32. Kd3 c2
33. Rxg6 c1=N+ 34. Bxc1 Rxa2 35. Rf6 c4+ 36. Kc3 Rf2 37. Bf4 Rf3+ 38. Kd2 Ke4
39. Re6+ Kd4 40. Rd6+ Ke4 41. Re6+ Kd4 42. Ke2 Ra3 43. Re5 Ra2+ 44. Kf3 Ra3+
45. Kg2 c3 46. Rxf5 c2 47. Rf8 Kd5 1-0

[Event "GBR-ch 99th"]
[Site "North Shields"]
[Date "2012.08.03"]
[Round "11"]
[White "Poobalasingam, Peter"]
[Black "Batchelor, Peter"]
[Result "0-1"]
[WhiteElo "2263"]
[BlackElo "2103"]
[PlyCount "64"]
[EventDate "2012.07.23"]
[EventType "swiss"]
[EventRounds "11"]
[EventCountry "ENG"]
[Source "John Saunders"]
[SourceDate "2015.07.24"]

1. d4 d5 2. c4 c6 3. cxd5 cxd5 4. Nc3 Nc6 5. Bf4 Nf6 6. e3 Bf5 7. Qb3 Qd7 8.
Nf3 a6 9. Na4 Na5 10. Qd1 e6 11. Nc5 Bxc5 12. dxc5 Nc6 13. Ne5 Qc8 14. Rc1 O-O
15. Be2 Nd7 16. Nxd7 Qxd7 17. Bd6 Rfe8 18. h4 h6 19. g4 Be4 20. Rg1 g5 21. Bd3
Bxd3 22. Qxd3 Nb4 23. Qd4 Qb5 24. f4 e5 25. Bxe5 f6 26. Bxf6 Re4 27. Qd2 Rae8
28. Rc3 gxf4 29. Bd4 fxe3 30. Qd1 Nc6 31. Rd3 Nxd4 32. Rxd4 Qxb2 0-1

[Event "GBR-ch 99th"]
[Site "North Shields"]
[Date "2012.08.03"]
[Round "11"]
[White "Roe, Simon J"]
[Black "Weller, Jean Luc"]
[Result "1-0"]
[WhiteElo "2275"]
[BlackElo "2115"]
[PlyCount "103"]
[EventDate "2012.07.23"]
[EventType "swiss"]
[EventRounds "11"]
[EventCountry "ENG"]
[Source "John Saunders"]
[SourceDate "2015.07.24"]

1. Nf3 c5 2. c4 Nc6 3. Nc3 g6 4. e3 Nf6 5. d4 cxd4 6. exd4 d5 7. cxd5 Nxd5 8.
Qb3 Nxc3 9. Bc4 Nd5 10. Bxd5 e6 11. Bxc6+ bxc6 12. O-O Qb6 13. Qc2 Bg7 14. Be3
Qb5 15. Rac1 Bb7 16. Qd2 O-O 17. Rc5 Qb6 18. Bh6 Rfd8 19. Rfc1 Rd5 20. Bxg7
Kxg7 21. Rxd5 cxd5 22. Ne5 Rc8 23. Rxc8 Bxc8 24. Ng4 Qd8 25. Qh6+ Kg8 26. Qf4
Kg7 27. Qh6+ Kg8 28. h4 Ba6 29. Qf4 h5 30. Nh6+ Kg7 31. Nxf7 Qf6 32. Qxf6+ Kxf6
33. Ne5 g5 34. hxg5+ Kxg5 35. f3 Bb5 36. g3 a5 37. Kf2 Be8 38. Ke3 Bb5 39. Nf7+
Kf6 40. Nd6 Bc6 41. Kf4 a4 42. a3 Ba8 43. Ne8+ Kf7 44. Nc7 Bb7 45. Ke5 Bc8 46.
Nb5 Ke7 47. Nc3 Bd7 48. Ne2 Be8 49. Nf4 Bf7 50. Nd3 Be8 51. Nc5 Bd7 52. f4 1-0

[Event "GBR-ch 99th"]
[Site "North Shields"]
[Date "2012.08.03"]
[Round "11"]
[White "Surtees, Michael"]
[Black "Wadsworth, Matthew J"]
[Result "1-0"]
[WhiteElo "2113"]
[BlackElo "2037"]
[PlyCount "99"]
[EventDate "2012.07.23"]
[EventType "swiss"]
[EventRounds "11"]
[EventCountry "ENG"]
[Source "John Saunders"]
[SourceDate "2015.07.24"]

1. e4 Nf6 2. d3 e5 3. c4 Nc6 4. a3 a5 5. Be3 d6 6. h3 Be7 7. Ne2 Be6 8. Nbc3
Nd7 9. Nd5 f5 10. g3 O-O 11. Bg2 Rc8 12. O-O Qe8 13. f4 fxe4 14. dxe4 exf4 15.
gxf4 Bf6 16. Nec3 Bxc3 17. bxc3 Ne7 18. Rf2 Bf7 19. Rb1 b6 20. Bd4 Ng6 21. Qg4
Nc5 22. f5 Ne5 23. Bxe5 Qxe5 24. f6 g6 25. Ne7+ Kh8 26. Qh4 Rce8 27. Qh6 Rg8
28. Nxg8 Rxg8 29. Qe3 Nd7 30. Qd4 Qe6 31. e5 Qxe5 32. Qxe5 Nxe5 33. c5 bxc5 34.
Rb7 Rc8 35. Rfb2 Nd7 36. Bc6 Nxf6 37. Rb8 Rxb8 38. Rxb8+ Kg7 39. Rb7 d5 40.
Rxc7 d4 41. cxd4 cxd4 42. Ra7 g5 43. Bb5 Kg8 44. Rxa5 Be6 45. Kh2 g4 46. hxg4
Nxg4+ 47. Kg3 Kf7 48. Ra7+ Kf6 49. Rxh7 Bf5 50. Rh8 1-0

[Event "GBR-ch 99th"]
[Site "North Shields"]
[Date "2012.08.03"]
[Round "11"]
[White "Tambini, Jasper"]
[Black "Elwin, Adrian G"]
[Result "1-0"]
[WhiteElo "1958"]
[BlackElo "1985"]
[PlyCount "62"]
[EventDate "2012.07.23"]
[EventType "swiss"]
[EventRounds "11"]
[EventCountry "ENG"]
[Source "John Saunders"]
[SourceDate "2015.07.24"]

1. e4 c6 2. d4 d5 3. Nc3 dxe4 4. Nxe4 Nf6 5. Nxf6+ gxf6 6. Nf3 Bg4 7. Be2 e6 8.
Be3 Bd6 9. c3 Nd7 10. Nh4 f5 11. g3 Bxe2 12. Qxe2 f4 13. Bd2 Qf6 14. c4 O-O-O
15. O-O-O Rhe8 16. Bc3 e5 17. d5 c5 18. Qh5 h6 19. Nf5 fxg3 20. hxg3 Bf8 21.
Rd2 Qa6 22. b3 b5 23. Nxh6 Nb6 24. Nxf7 bxc4 25. Nxd8 Rxd8 26. Qf5+ Kb8 27.
Bxe5+ Ka8 28. Qe4 Bd6 29. Bxd6 Qa3+ 30. Kd1 cxb3 31. Bf4 a5 1-0

[Event "GBR-ch 99th"]
[Site "North Shields"]
[Date "2012.08.03"]
[Round "11"]
[White "Townsend, M Paul"]
[Black "Walker, David"]
[Result "1/2-1/2"]
[WhiteElo "2252"]
[BlackElo "2276"]
[PlyCount "56"]
[EventDate "2012.07.23"]
[EventType "swiss"]
[EventRounds "11"]
[EventCountry "ENG"]
[Source "John Saunders"]
[SourceDate "2015.07.24"]

1. d4 d6 2. Nf3 Bg4 3. c4 Bxf3 4. exf3 e6 5. Nc3 Nf6 6. Be3 Be7 7. Be2 O-O 8.
O-O c6 9. d5 exd5 10. cxd5 c5 11. g4 Na6 12. f4 Nc7 13. Rb1 a6 14. a4 Rb8 15.
b4 cxb4 16. Rxb4 Nd7 17. Qd2 Nc5 18. Rfb1 Bf6 19. Bxc5 dxc5 20. Rxb7 Rxb7 21.
Rxb7 Bxc3 22. Qxc3 Nxd5 23. Qd2 Qe8 24. Bxa6 Qxa4 25. Qxd5 Qxa6 26. Rc7 Qa4 27.
Rxc5 Qxf4 28. Qf5 Qxf5 1/2-1/2

[Event "GBR-ch 99th"]
[Site "North Shields"]
[Date "2012.08.03"]
[Round "11"]
[White "Varnam, Liam"]
[Black "Shaw, Robert"]
[Result "1/2-1/2"]
[WhiteElo "2070"]
[BlackElo "2220"]
[PlyCount "32"]
[EventDate "2012.07.23"]
[EventType "swiss"]
[EventRounds "11"]
[EventCountry "ENG"]
[Source "John Saunders"]
[SourceDate "2015.07.24"]

1. c4 Nf6 2. g3 g6 3. Bg2 Bg7 4. Nc3 O-O 5. e4 d6 6. Nge2 c5 7. O-O Nc6 8. d3
Ne8 9. Rb1 Nc7 10. f4 f5 11. a3 a5 12. exf5 gxf5 13. Be3 Ne6 14. Nb5 Bd7 15. d4
cxd4 16. Nexd4 Ncxd4 1/2-1/2

[Event "GBR-ch 99th"]
[Site "North Shields"]
[Date "2012.08.03"]
[Round "11"]
[White "Walker, Nicholas P"]
[Black "Hanley, James L"]
[Result "0-1"]
[WhiteElo "2179"]
[BlackElo "2244"]
[PlyCount "98"]
[EventDate "2012.07.23"]
[EventType "swiss"]
[EventRounds "11"]
[EventCountry "ENG"]
[Source "John Saunders"]
[SourceDate "2015.07.24"]

1. c4 e5 2. g3 Nf6 3. Nc3 Bb4 4. Bg2 h6 5. Nd5 Bc5 6. e3 Nxd5 7. cxd5 d6 8. b4
Bb6 9. Bb2 O-O 10. Ne2 Bg4 11. O-O a5 12. f3 Bf5 13. a3 Bd3 14. Re1 a4 15. Nc1
Bc4 16. f4 Nd7 17. d3 Bb5 18. Na2 exf4 19. gxf4 Nf6 20. Nc3 Bd7 21. Kh1 Ng4 22.
Re2 Qh4 23. Bf3 Nf2+ 24. Rxf2 Qxf2 25. Bc1 Rae8 26. Ra2 Qh4 27. d4 f5 28. Rg2
Re7 29. Bd2 Rfe8 30. Rg3 Kh8 31. Qg1 Qf6 32. Bh5 Rg8 33. Rg6 Qf8 34. Bd1 Be8
35. Rg3 Qf6 36. Bxa4 Bxa4 37. Nxa4 g5 38. Nc3 g4 39. a4 h5 40. a5 h4 41. Rg2
Ba7 42. b5 Qf7 43. Qb1 g3 44. b6 cxb6 45. axb6 Bb8 46. h3 Rc8 47. Qd1 Rxc3 48.
Bxc3 Rxe3 49. Re2 Qh5 0-1

[Event "GBR-ch 99th"]
[Site "North Shields"]
[Date "2012.08.03"]
[Round "11"]
[White "Wall, Tim"]
[Black "Oswald, Graeme"]
[Result "0-1"]
[WhiteElo "2347"]
[BlackElo "2178"]
[PlyCount "48"]
[EventDate "2012.07.23"]
[EventType "swiss"]
[EventRounds "11"]
[EventCountry "ENG"]
[Source "John Saunders"]
[SourceDate "2015.07.24"]

1. e4 c5 2. d4 cxd4 3. c3 dxc3 4. Nxc3 e6 5. Nf3 a6 6. Bc4 b5 7. Bb3 Bb7 8. O-O
b4 9. Nd5 exd5 10. exd5 d6 11. Re1+ Be7 12. Nd4 Kf8 13. Qf3 Bf6 14. Nc6 Qc7 15.
Bf4 Nxc6 16. Rac1 Rd8 17. Rc4 Ne5 18. Rxc7 Nxf3+ 19. gxf3 g5 20. Bd2 Ba8 21.
Bxb4 Nh6 22. Ra7 Kg7 23. Re6 Nf5 24. Bc2 Bd4 0-1